Golf trivia - Statistics

General Stats
  • This quiz has been taken 189 times
  • The average score is 10 of 16
Answer Stats
Hint Answer % Correct
How many holes are in a golf course traditionally 18
99%
What is one under referred to as birdie
98%
What is one over referred to as bogey
96%
Who is widely regarded as the best golfer ever Tiger Woods
93%
What is the maximum amount of clubs legal to carry in a golf bag 14
84%
What is the oldest course St Andrews
84%
Where is this golf course Scotland
83%
What golf course holds the masters every year Augusta
79%
New tour LIV
79%
Which country has the most golf courses USA
78%
Who has the most major wins in history Jack Nicklaus
76%
Gary Player's famous golf course is in South Africa
29%
PGA stands for Professional Golfers Association
23%
It is called Sun city
6%
Two main tours European tour, PGA tour
0%
Four major events The open, US open, the masters, the players championship
0%
No matching quizzes found
Score Distribution
Percent of People with Each Score
Percentile by Number Answered
Your Score History
You have not taken this quiz